10 Best Selling Video Games of 2005 - Statistics

General Stats
  • This quiz has been taken 10 times
  • The average score is 2 of 10
Answer Stats
Publisher Genre Answer % Correct
Rockstar Games Action Adventure, Crime Grand Theft Auto: San Andreas
67%
Activision FPS Call of Duty 2
44%
LucasArts First and Third Person Shooter Star Wars: Battlefront II
44%
Sony Computer Entertainment Racing Sim Gran Turismo 4
22%
EA Sports Madden NFL 06
22%
EA Sports NCAA Football 06
11%
EA Racing Need for Speed: Most Wanted
11%
Eidos Interactive Action Adventure, Puzzle LEGO Star Wars
0%
EA Sports NBA Live 06
0%
LucasArts Action Star Wars: Episode III - Revenge of the Sith
0%
No matching quizzes found
Score Distribution
Percent of People with Each Score
Percentile by Number Answered
Your Score History
You have not taken this quiz